000 00731nam a22002417a 4500
005 20170124110029.0
010 _aB-211130
020 _c100.00
_a8188932124
035 _aB-211130
037 _bCen Lib/Ret
040 _aDPL
_bEN
082 _a401.40142
_bYAD
100 _aYadava, B.S.
_921383
245 _a Foregrounding :
_cby B.S.Yadava
_b a stylistic concept /
260 _aNew Delhi
_bSatish Book Depot
_c2003
270 _a51/2,New Market Karol Bagh
_bNew Delhi
_e110005
300 _a88p.
_c21cm(Hb)
500 _aIncludes bibliographical reference
650 _aIdentity politics
_921384
650 _aTheoretical perspective
_921385
700 _920986
942 _2ddc
_cEN
_h401.40142
_mYAD
999 _c127738
_d127738